000 00518ntaaa2200181 4500
003 01
005 20251027201942.0
008 0714s1973 ag 01
040 _aAR-BaBN
_bspa
_cAR-BaBN
_eaacr
_dRIC
082 _a246.6000 N22n
100 _aBattistessa, Angel J.
_918107
245 _aNavidad en el arte, selección de textos.
250 _a1 ed.
260 _aBuenos Aires :
_bCodex,
_c1968
500 _areproducción de cuadros famosos sorbe el tema de la Navidad
650 _aArte Cristiano
_910926
942 _cBK
999 _c14244
_d14244